German Vocabulary "T" - Statistics

General Stats
  • This quiz has been taken 105 times
  • The average score is 14 of 26
Answer Stats
German English % Correct
Tag day
94%
Tisch table
88%
tanzen dance
86%
Tier animal
84%
Tante aunt
81%
teuer expensive
80%
tot dead
78%
träumen dream
72%
Thunfisch tuna
60%
tief deep
54%
Tschechien Czechia
53%
trocken dry
52%
Tulpe tulip
52%
Teufel devil
49%
Teller plate
48%
Turm tower
42%
Tastatur keyboard
41%
Träne tear
39%
Topf pot
36%
Trommel drum
35%
Truthahn turkey
34%
Turnier tournament
33%
tauchen dive
31%
Taube pigeon
30%
Tinte ink
27%
Tapete wallpaper
25%
No matching quizzes found
Score Distribution
Percent of People with Each Score
Percentile by Number Answered
Your Score History
You have not taken this quiz